El rincón de la pizarra: ensayos de visualización en análisis matemático, elementos básicos del análisis
Сохранить в:
| Главный автор: | |
|---|---|
| Формат: | |
| Язык: | испанский |
| Опубликовано: |
Madrid
Pirámide
1996
|
| Серии: | Colección Ciencia Hoy
|
| Предметы: | |
| Метки: |
Добавить метку
Нет меток, Требуется 1-ая метка записи!
|
MARC
| LEADER | 00000nam a2200000 a 4500 | ||
|---|---|---|---|
| 001 | UCP2558 | ||
| 003 | CL-VaPUC | ||
| 008 | 990520e19960000SP |||||||||||||||||spa|d | ||
| 082 | 0 | 4 | |a 515 |b GUZ |2 21 |
| 100 | |a Guzmán Ozámiz, Miguel de |e author |9 304150 | ||
| 245 | 1 | 3 | |a El rincón de la pizarra: ensayos de visualización en análisis matemático, elementos básicos del análisis |
| 300 | |a 316 p | ||
| 942 | |c BK | ||
| 945 | |d 19990520 00:00:00 |a rbrito | ||
| 260 | |a Madrid |b Pirámide |c 1996 | ||
| 500 | |a Incluye diskette | ||
| 650 | 0 | |a Análisis matemático |9 260146 | |
| 650 | 0 | |a Números reales |9 270334 | |
| 650 | 0 | |a Valor absoluto |9 385925 | |
| 650 | 0 | |a Funciones |9 263869 | |
| 650 | 0 | |a Derivadas |9 354237 | |
| 650 | 0 | |a Integrales |9 260233 | |
| 583 | |a last modification |c 19990520 00:00:00 |k Rodrigo Vera | ||
| 490 | 0 | |a Colección Ciencia Hoy | |
| 999 | |c 281072 |d 281070 | ||
| 952 | |0 0 |1 0 |4 0 |6 515_000000000000000_GUZ_1996 |7 0 |8 A |9 321709 |a BIBMAT |b BIBMAT |c E_DIDACT |d 2019-11-20 |i 3526348 |l 2 |m 3 |o 515 GUZ 1996 |p 3526348 |r 2025-01-07 |s 2024-04-12 |w 2019-11-20 |y BK |k MAT | ||